[Event "AUTO-OPEN-2567"]
[Site "http://www.queenalice.com/game.php?id=1018043"]
[Date "2012.1.29"]
[Round "1"]
[White "Artking"]
[Black "helfried"]
[Result "1/2-1/2"]
[WhiteElo "2002"]
[BlackElo "1100"]

1. e4 e5 2. Nf3 Nf6 3. Nxe5 d6 4. Nxf7 Kxf7 5. Bc4+ d5 6. Bb3 Nxe4 7. Qh5+ g6 8.
Qxd5+ Qxd5 9. Bxd5+ Kg7 10. Bxe4 Bc5 11. b3 Re8 12. Bb2+ Kh6 13. d3 Bf5 14. Nd2
Nd7 15. O-O-O c6 16. h4 Bxf2 17. Kb1 Bxe4 18. dxe4 Nc5 19. Rdf1 Be3 20. Nf3 Nxe4
21. g4 Ng3 22. Ng5 Bxg5 23. hxg5+ Kxg5 24. Bc1+ Kxg4 25. Rf4+ Kg5 26. Rf3+ Kg4
27. Rf4+ 1/2-1/2

[Event "AUTO-OPEN-2567"]
[Site "http://www.queenalice.com/game.php?id=1018044"]
[Date "2012.1.29"]
[Round "1"]
[White "helfried"]
[Black "Artking"]
[Result "0-1"]
[WhiteElo "1100"]
[BlackElo "1986"]

1. d4 Nf6 2. c4 g6 3. Nf3 Bg7 4. Bg5 d6 5. Nc3 O-O 6. e4 Nbd7 7. Bd3 c6 8. O-O
e5 9. Qc2 a6 10. Rad1 Qe8 11. Rfe1 Nh5 12. Ne2 Kh8 13. b4 h6 14. Be3 f5 15. exf5
gxf5 16. Bxf5 Ndf6 17. Bg6 Qe7 18. dxe5 dxe5 19. Nh4 Qc7 20. Bxh5 Nxh5 21. Ng6+
Kg8 22. Nxf8 Kxf8 23. Bc5+ Kg8 24. Qg6 Nf6 25. Bd6 Qf7 26. Qxf7+ Kxf7 27. Bxe5
Be6 28. Rd4 Re8 29. Nf4 Bf5 30. f3 Nd7 31. Nd3 Nxe5 32. Nxe5+ Bxe5 33. Rd7+ Bxd7
0-1

[Event "AUTO-OPEN-2567"]
[Site "http://www.queenalice.com/game.php?id=1018065"]
[Date "2012.1.29"]
[Round "1"]
[White "helfried"]
[Black "gramory"]
[Result "0-1"]
[WhiteElo "1221"]
[BlackElo "1884"]

1. e4 e5 2. Nf3 Nc6 3. Bc4 h6 4. d4 Qf6 5. O-O d6 6. dxe5 Nxe5 7. Nxe5 Qxe5 8.
Bd2 Ne7 9. Nc3 c6 10. g3 b5 11. Bf4 Qc5 12. Bb3 Ng6 13. Be3 Qe5 14. f4 Qe7 15.
a4 b4 16. Na2 c5 17. Qd5 Bb7 18. Qc4 Bxe4 19. Qxe4 Qxe4 0-1

[Event "AUTO-OPEN-2567"]
[Site "http://www.queenalice.com/game.php?id=1018066"]
[Date "2012.1.29"]
[Round "1"]
[White "gramory"]
[Black "helfried"]
[Result "0-1"]
[WhiteElo "1909"]
[BlackElo "1369"]

1. d4 d5 2. Nc3 c5 3. b3 Nc6 4. Nf3 Bf5 5. e3 e6 6. Bb5 Bd6 7. dxc5 Bxc5 8. Ne5
Ne7 9. f4 O-O 10. O-O Nxe5 11. fxe5 a6 12. Bd3 Qb6 13. Qe2 Qc7 14. Na4 Ba7 15.
Kh1 Qxe5 16. g4 Be4+ 17. Bxe4 Qxa1 18. Bxh7+ Kxh7 19. c3 b5 20. Ba3 Qxf1+ 21.
Qxf1 Rae8 22. Nb2 f5 23. g5 Rh8 24. Bd6 Kg8 25. Nd3 Bxe3 26. Qe1 d4 27. cxd4 Nd5
28. Qg3 Rh5 29. Bf4 Bxd4 30. Be5 Be3 31. g6 Rg5 32. Qe1 Rxg6 33. Bg3 f4 34. Bf2
Rc8 35. Bxe3 fxe3 36. Qe2 Nf4 0-1

[Event "AUTO-OPEN-2567"]
[Site "http://www.queenalice.com/game.php?id=1018068"]
[Date "2012.1.29"]
[Round "1"]
[White "sergio_damian"]
[Black "helfried"]
[Result "0-1"]
[WhiteElo "1858"]
[BlackElo "1100"]

1. e4 e5 2. Nc3 Nf6 3. Nf3 Nc6 4. Bc4 Bc5 5. h3 d6 6. Ng5 O-O 7. O-O Na5 8. Be2
h6 9. Nf3 Be6 10. a3 Nc6 11. Na4 Nd7 12. Nxc5 Nxc5 13. d3 Nd4 14. Nxd4 exd4 15.
Bd2 d5 16. Bb4 b6 17. c3 dxe4 18. dxe4 dxc3 19. Bxc3 Nxe4 20. Be5 Qg5 21. Bxc7
Bxh3 22. Bf3 Nd2 23. Re1 Rae8 24. Rxe8 Rxe8 25. Kh1 Be6 26. Rc1 Bb3 27. Qg1 Nxf3
28. gxf3 Qh5+ 29. Kg2 Re6 30. Bg3 Bd5 31. Kf1 Qxf3 32. Qh2 Qe2+ 33. Kg1 Qe1+ 0-1

[Event "Challenge"]
[Site "http://www.queenalice.com/game.php?id=1018259"]
[Date "2012.1.29"]
[Round "-"]
[White "sunking"]
[Black "helfried"]
[Result "0-1"]
[WhiteElo "1566"]
[BlackElo "1221"]

1. d4 d5 2. Nc3 c5 3. dxc5 d4 4. Ne4 e5 5. Nd6+ Bxd6 6. cxd6 Qxd6 7. c3 Nc6 8.
Nf3 Nge7 9. e4 O-O 10. Bg5 Bg4 11. Bxe7 Qxe7 12. h3 Bh5 13. g4 Bg6 14. Qd2 Rfd8
15. c4 Bxe4 16. Bg2 Bxf3 17. Bxf3 e4 18. Qf4 exf3+ 19. Kd1 Qe2+ 20. Kc1 Nb4 21.
Qd2 Qxc4+ 22. Kd1 Re8 23. Rc1 Qe2+ 24. Qxe2 Rxe2 25. Rf1 Rxb2 26. a3 Nd3 27. Rc2
Rb1+ 28. Kd2 Rxf1 29. Kxd3 Re1 30. Kxd4 Rd8+ 31. Kc4 Rc8+ 32. Kb3 Rxc2 33. Kxc2
Re2+ 34. Kd3 Rxf2 35. Ke4 Ra2 36. Kxf3 Rxa3+ 37. Kf4 Rxh3 38. Kg5 a5 39. Kf4 b5
40. Kg5 b4 41. Kf4 a4 42. Kg5 Rf3 43. Kh4 f6 44. Kh5 Rh3# 0-1

[Event "AC X"]
[Site "http://www.queenalice.com/game.php?id=1020183"]
[Date "2012.1.30"]
[Round "-"]
[White "perucona"]
[Black "helfried"]
[Result "0-1"]
[WhiteElo "1427"]
[BlackElo "1100"]

1. e4 e5 2. d4 exd4 3. Qxd4 Nc6 4. Qd5 Nf6 5. Qd3 Bc5 6. Be3 Nb4 7. Qd2 Nxe4 8.
Qe2 Qe7 9. f3 Bxe3 10. c3 Nf2 11. cxb4 O-O 12. Qxf2 Bxf2+ 13. Kxf2 Qxb4 14. b3
Qd4+ 15. Ke2 Re8# 0-1

[Event "TOU NEIN AI VERME "]
[Site "http://www.queenalice.com/game.php?id=1020256"]
[Date "2012.1.30"]
[Round "-"]
[White "rogeriooliveira"]
[Black "helfried"]
[Result "0-1"]
[WhiteElo "1310"]
[BlackElo "1314"]

1. e4 e5 2. d4 exd4 3. Qxd4 Nc6 4. Qd5 Nf6 5. Qd3 Bc5 6. Be3 Nb4 7. Qd2 Nxe4 8.
Qe2 Bxe3 9. fxe3 Qh4+ 10. Kd1 Nf2+ 11. Qxf2 Qxf2 12. Ne2 Qxe3 13. a3 Qd4+ 14.
Kc1 Qe3+ 15. Nd2 Nd5 16. b3 O-O 17. Ra2 d6 18. Rg1 Bg4 19. Ng3 Nc3 20. Rb2 Qe1#
0-1

[Event "Challenge"]
[Site "http://www.queenalice.com/game.php?id=1025611"]
[Date "2012.2.3"]
[Round "-"]
[White "helfried"]
[Black "plot24"]
[Result "1/2-1/2"]
[WhiteElo "1100"]
[BlackElo "1933"]

1. d4 d5 2. c4 Nf6 3. e3 c6 4. Nf3 e6 5. Nc3 a6 6. Qc2 Nbd7 7. Bd3 Bd6 8. c5 Bc7
9. Na4 e5 10. dxe5 Nxe5 11. Nxe5 Bxe5 12. Nb6 Rb8 13. Bd2 Bg4 14. h3 Be6 15. a4
O-O 16. a5 Re8 17. f4 Bc7 18. O-O-O g6 19. g4 Qe7 20. g5 Nd7 21. b4 Rbd8 22. Bc3
Bf5 23. Bxf5 gxf5 24. Nxd7 Rxd7 25. Kb2 Qe4 26. Bd4 Qxc2+ 27. Kxc2 Rde7 28. Kd2
Re4 29. Rhf1 1/2-1/2

[Event "noroc-2"]
[Site "http://www.queenalice.com/game.php?id=1042680"]
[Date "2012.3.25"]
[Round "1"]
[White "helfried"]
[Black "Lucius1"]
[Result "0-1"]
[WhiteElo "1314"]
[BlackElo "2203"]

1. d4 d5 2. c4 e6 3. Nf3 dxc4 4. e4 b5 5. a4 c6 6. axb5 cxb5 7. b3 Nf6 8. e5 Ne4
9. bxc4 Bb4+ 10. Bd2 Nxd2 11. Nbxd2 Bb7 12. cxb5 Bxf3 13. Qxf3 Qxd4 14. Rd1
Qxe5+ 15. Be2 Qd5 16. Qxd5 exd5 17. Bf3 Nd7 18. Bxd5 Rd8 19. Bc6 Ke7 20. O-O Ne5
21. Nf3 Nd3 22. g3 f5 23. Kg2 Bc3 24. Rb1 Rd6 25. Rb3 Ba5 26. Ra3 Bb6 27. Ra2
Rhd8 28. Re2+ Re6 29. Rd2 a5 30. Rfd1 Red6 31. Re2+ Kf6 32. Red2 a4 33. Kf1 Bc5
34. Ra1 a3 35. Rc2 Nb2 36. Rxc5 Rd1+ 37. Rxd1 Rxd1+ 38. Ke2 a2 0-1

[Event "helfried"]
[Site "http://www.queenalice.com/game.php?id=1048782"]
[Date "2012.4.14"]
[Round "1"]
[White "helfried"]
[Black "sergio_damian"]
[Result "1-0"]
[WhiteElo "1354"]
[BlackElo "1811"]

1. d4 d5 2. c4 Nf6 3. Nf3 Nc6 4. e3 Bf5 5. Nc3 Nb4 6. e4 Nxe4 7. Qa4+ Nc6 8. Be3
e6 9. Ne5 Nxc3 10. bxc3 Bd6 11. Nxc6 bxc6 12. Qxc6+ Kf8 13. cxd5 exd5 14. Qxd5
Be6 15. Qf3 f6 16. Bd3 Be7 17. O-O Kf7 18. c4 c5 19. d5 Bd7 20. Qh5+ g6 21. Qd1
Bd6 22. Rb1 Re8 23. Bh6 Qc8 24. Qf3 Bg4 25. Rb7+ Qxb7 26. Qxg4 Rg8 27. Qe6# 1-0

[Event "sorim1"]
[Site "http://www.queenalice.com/game.php?id=1050359"]
[Date "2012.4.19"]
[Round "1"]
[White "helfried"]
[Black "sphagnis"]
[Result "1-0"]
[WhiteElo "1316"]
[BlackElo "1654"]

1. d4 e6 2. c4 d5 3. Nf3 Nc6 4. e3 Bb4+ 5. Nc3 Nf6 6. Bd3 g6 7. O-O O-O 8. Qc2
Qd6 9. a3 Re8 10. axb4 b6 11. c5 Nxb4 12. cxd6 Nxc2 13. Bxc2 cxd6 14. Nb5 Re7
15. Nxd6 Rc7 16. Ba4 Ba6 17. Bb5 Bxb5 18. Nxb5 Rd7 19. Ne5 Rb7 20. Nc6 Kf8 21.
Rxa7 Raxa7 22. Ncxa7 Ne4 23. f3 Nf6 24. Nc6 Nd7 25. e4 Ke8 26. exd5 Kf8 27. Bh6+
Ke8 28. Nd6# 1-0

[Event "Challenge"]
[Site "http://www.queenalice.com/game.php?id=1057545"]
[Date "2012.5.8"]
[Round "-"]
[White "helfried"]
[Black "knightvision"]
[Result "1-0"]
[WhiteElo "1369"]
[BlackElo "1355"]

1. e4 e5 2. Nf3 Nc6 3. Bc4 Nf6 4. Nc3 d6 5. O-O Be6 6. Bd5 Nd4 7. Nxd4 exd4 8.
Bxe6 fxe6 9. Ne2 Nxe4 10. Nxd4 Nc5 11. Re1 e5 12. Qh5+ g6 13. Qg4 h5 14. Qxg6+
Kd7 15. Qf5+ Ke8 16. b4 Qd7 17. Qg6+ Qf7 18. Qg3 Nd7 19. Nb5 Rc8 20. Nxa7 Rb8
21. Nb5 Rc8 22. Bb2 Rg8 23. Qh3 c6 24. Nc3 Rd8 25. a4 Nf6 26. d4 Be7 27. dxe5
Nd5 28. e6 Nf4 29. exf7+ Kxf7 30. Qf5+ Bf6 31. Ne4 Rxg2+ 32. Kf1 Rxh2 33. Qxf6+
Ke8 34. Nxd6+ 1-0

[Event "noroc-2"]
[Site "http://www.queenalice.com/game.php?id=1074012"]
[Date "2012.6.19"]
[Round "2"]
[White "helfried"]
[Black "kandido"]
[Result "1-0"]
[WhiteElo "1369"]
[BlackElo "2113"]

1. d4 f5 2. Nf3 Nf6 3. c4 g6 4. Nc3 d6 5. Bg5 Bg7 6. e3 O-O 7. Be2 c6 8. O-O
Nbd7 9. Rc1 e5 10. dxe5 dxe5 11. Qb3 Kh8 12. Rfd1 Qe7 13. Rd2 h6 14. Bxf6 Nxf6
15. Rcd1 Be6 16. Nxe5 Ne4 17. Nxg6+ 1-0

[Event "helfried"]
[Site "http://www.queenalice.com/game.php?id=1094674"]
[Date "2012.8.19"]
[Round "3"]
[White "helfried"]
[Black "Elafsson"]
[Result "1-0"]
[WhiteElo "1391"]
[BlackElo "2054"]

1. e4 e5 2. Nf3 Nc6 3. Bc4 Bc5 4. b4 Bxb4 5. c3 Bc5 6. d4 exd4 7. O-O d6 8. cxd4
Bb6 9. Nc3 Bg4 10. Qa4 Bd7 11. Qb3 Qf6 12. Nd5 Qg6 13. Nf4 Qf6 14. e5 dxe5 15.
dxe5 Qf5 16. Bd3 Qg4 17. h3 Qg3 18. Kh1 Bxf2 19. Ne2 1-0

[Event "noroc-2"]
[Site "http://www.queenalice.com/game.php?id=1108672"]
[Date "2012.10.2"]
[Round "3"]
[White "RAMIROCHE"]
[Black "helfried"]
[Result "0-1"]
[WhiteElo "1985"]
[BlackElo "1391"]

1. e4 c5 2. Nf3 Nc6 3. c3 d5 4. exd5 Qxd5 5. d3 Bf5 6. Be2 Rd8 7. O-O Nf6 8. Ne1
g6 9. Na3 Bg7 10. Nb5 O-O 11. g4 Bc8 12. Bf3 Qd7 13. g5 Nd5 14. Bg2 a6 15. Na3
b5 16. Qf3 Ne5 17. Qg3 b4 18. Nc4 Qe6 19. Bd2 Nxc4 20. dxc4 Nxc3 21. bxc3 Rxd2
22. Bd5 Qd7 23. Nf3 Re2 24. cxb4 Bxa1 25. Rxa1 cxb4 26. Nd4 Rd2 27. Nc6 e6 28.
Ne5 Qc7 0-1

[Event "sorim1"]
[Site "http://www.queenalice.com/game.php?id=1118548"]
[Date "2012.11.3"]
[Round "2"]
[White "Eduardomoreto67"]
[Black "helfried"]
[Result "1-0"]
[WhiteElo "2042"]
[BlackElo "1391"]

1. e4 e5 2. Nf3 Nf6 3. Nxe5 d6 4. Nf3 Nxe4 5. d4 d5 6. Be2 Bd6 7. O-O O-O 8. Nc3
Nxc3 9. bxc3 Bg4 10. c4 dxc4 11. Bxc4 Nc6 12. c3 Qf6 13. Be2 Rae8 14. Be3 Re7
15. Bg5 Qf5 16. Bxe7 Nxe7 17. Rb1 Qe4 18. Bd3 Qc6 19. Bxh7+ Kxh7 20. Ng5+ Kg8
21. Qxg4 Nd5 22. Qe4 g6 23. Qh4 Nf6 24. Qh3 Bf4 25. Qh4 Bxg5 26. Qxg5 Nd5 27. h4
Nxc3 28. Rb3 Ne2+ 29. Kh2 Nxd4 30. Rh3 Ne6 31. Qf6 Qc4 32. Re1 Qxa2 33. h5 Qc4
34. Rh4 Qxh4+ 35. Qxh4 gxh5 36. Qxh5 Nf4 37. Qg4+ Ng6 38. Re3 1-0

[Event "helfried"]
[Site "http://www.queenalice.com/game.php?id=1142810"]
[Date "2013.1.20"]
[Round "4"]
[White "ggg09"]
[Black "helfried"]
[Result "1-0"]
[WhiteElo "2174"]
[BlackElo "1391"]

1. e4 c5 2. Nf3 Nc6 3. d4 cxd4 4. Nxd4 d6 5. Nc3 Nf6 6. Bg5 Qa5 7. Bb5 Bd7 8.
Nb3 Qc7 9. O-O a6 10. Be2 b5 11. a4 Rb8 12. axb5 axb5 13. Bxf6 gxf6 14. Bxb5 Rg8
15. Re1 Qc8 16. Nd4 Nxd4 17. Bxd7+ Qxd7 18. Qxd4 Qg4 19. g3 Qc8 20. Ra7 Rxb2 21.
Qa4+ 1-0